| 000 | 00545nam a22001937a 4500 | ||
|---|---|---|---|
| 999 |
_c170079 _d170079 |
||
| 005 | 20200609113641.0 | ||
| 010 | _aA-459529 | ||
| 020 |
_cN.A. _a- |
||
| 035 | _aA-459529 | ||
| 037 | _bBPPD | ||
| 082 | _a270 | ||
| 100 | _aمر ما د و کے پکتھل | ||
| 245 |
_aقرآن مجيد / _cمرمادوکے پکتھل |
||
| 246 |
_aQuraan Majeed (Urdu) / _bby Marmaduke Pickthall |
||
| 260 |
_aN.A. _cN.A. ء _bTaj Company |
||
| 270 |
_aN.A. _b- _k- _e- |
||
| 300 |
_a738 ص _c22cm(Hb) |
||
| 942 |
_2ddc _cUR _h270 _mق ر آ |
||